000 00567nam a22001817a 4500
999 _c61742
_d61742
005 20240426102632.0
008 240426s2006 enk||||| |||| 00| 0 eng d
020 _a9780071457446x
041 _aeng
080 _a616.43 H-30
245 _aHarrison's Endocrinology /
_cEditor J. Jameson.
264 _aNew York :
_bMcGraw-Hill,
_c2006.
300 _a563 p.:
_bill.;
_c28 cm.
653 _aენდოკრინოლოგია
653 _aმედიცინა
700 _aJameson, J.
_eრედაქტორი
_99172
942 _2udc
_cᲬᲘᲒᲜᲘ